| 000 | 00476nam a22001697a 4500 | ||
|---|---|---|---|
| 003 | NUST - PNEC | ||
| 005 | 20170116180935.0 | ||
| 008 | 150906b xxu||||| |||| 00| 0 eng d | ||
| 020 | _a8170225493 | ||
| 040 | _cLIBRARY | ||
| 082 | _a662.88 CHA | ||
| 100 |
_98473 _aChaturvedi, Pradeep |
||
| 245 |
_aBioenergy resources : planning, production, and utilization _cPradeep Chaturvedi. |
||
| 260 | _cc.1946 | ||
| 650 |
_98476 _aBiotechnology industries _xIME |
||
| 942 |
_2ddc _cBK |
||
| 999 |
_c66021 _d66021 |
||